| 000 | 00481 a2200169 4500 | ||
|---|---|---|---|
| 003 | OSt | ||
| 005 | 20231227150541.0 | ||
| 008 | 231227b |||||||| |||| 00| 0 eng d | ||
| 020 | _a9788150000255 | ||
| 040 | _coclc | ||
| 082 |
_a891.433 _bCHA/N |
||
| 100 |
_aChauhan. Surajpal _910133 |
||
| 245 |
_aNAYA BRAHAMAN / _cSurajpal Chauhan |
||
| 260 |
_aNew Delhi: _bVani Prakashan, _c2014. |
||
| 300 | _a128p | ||
| 942 |
_2ddc _cBK _h891.433 _iCHA/N _k891.433 _mCHA/N |
||
| 999 |
_c43588 _d43588 |
||